| 000 | 00527nam a22001817a 4500 | ||
|---|---|---|---|
| 999 |
_c6475 _d6475 |
||
| 003 | GBCCL | ||
| 005 | 20241126110604.0 | ||
| 008 | 180515b ||||| |||| 00| 0 eng d | ||
| 040 | _cgbc | ||
| 082 |
_a220.92 _bOTT |
||
| 100 |
_aOtto, Jean _911591 |
||
| 245 |
_aPeace under pressure / _cJean Otto |
||
| 260 |
_aGrandville: _bReformed Church Press, _c1988 |
||
| 300 |
_a77 p.; _c21 cm. |
||
| 650 |
_aStress (psychology) _vReligious aspects _xChristianity _911592 |
||
| 650 |
_aBible _vBiography _xMeditations _911593 |
||
| 942 |
_2ddc _cBK |
||